Cải tiến nông nghiệp

Đã lưu trong:
書目詳細資料
主要作者: Trịnh Lộc Bình
格式: 圖書
語言:Undetermined
出版: Sài Gòn Khai Trí 1961
主題:
標簽: 添加標簽
沒有標簽, 成為第一個標記此記錄!
Thư viện lưu trữ: Trung tâm Học liệu Trường Đại học Cần Thơ
LEADER 00485nam a2200181Ia 4500
001 CTU_12187
008 210402s9999 xx 000 0 und d
082 |a 631 
082 |b B312 
100 |a Trịnh Lộc Bình 
245 0 |a Cải tiến nông nghiệp 
245 0 |c Trịnh Lộc Bình 
260 |a Sài Gòn 
260 |b Khai Trí 
260 |c 1961 
650 |a agriculture 
904 |i Minh, 961111 
980 |a Trung tâm Học liệu Trường Đại học Cần Thơ